Grecia
محفوظ في:
| المؤلف الرئيسي: | |
|---|---|
| التنسيق: | كتاب |
| اللغة: | الإسبانية |
| منشور في: |
Buenos Aires, Argentina
Guillermo Kraft
1946
|
| سلاسل: | Los Libros de la Historia
|
| الموضوعات: | |
| الوسوم: |
إضافة وسم
لا توجد وسوم, كن أول من يضع وسما على هذه التسجيلة!
|
MARC
| LEADER | 00000cam a2200000 a 4500 | ||
|---|---|---|---|
| 001 | UCE6498 | ||
| 003 | CL-VaPUC | ||
| 005 | 20210602001530.0 | ||
| 008 | 150416e19460000ag |||||||||||||||||spa|d | ||
| 999 | |c 358824 |d 358822 | ||
| 040 | |c Pontificia Universidad Católica de Valparaíso | ||
| 082 | 0 | 4 | |a 938.05 POD 1946 |2 21 |
| 100 | 0 | |a Podestá Costa, Luis A |e author |9 579183 | |
| 245 | 1 | 0 | |a Grecia |
| 260 | |a Buenos Aires, Argentina |b Guillermo Kraft |c 1946 | ||
| 300 | |a 236 páginas | ||
| 490 | 0 | |a Los Libros de la Historia | |
| 583 | |a last modification |c 20150416 10:41:00 |k Rodrigo Vera | ||
| 650 | 0 | |a Historia de Grecia |9 267917 | |
| 650 | 0 | |a Arte griego |9 267884 | |
| 651 | 0 | |a Grecia |9 265314 | |
| 942 | |c BK |2 ddc | ||
| 945 | |d 20150416 10:41:00 |a arojas | ||
| 952 | |0 0 |1 0 |3 erb |4 0 |6 938_050000000000000_POD_1946 |7 0 |8 A |9 467727 |a BIBHIS |b BIBHIS |e Villagrán Garnham, Jorge |i 515927K |l 1 |o 938.05 POD 1946 |p 515927K |r 2025-01-20 |s 2022-09-06 |w 2019-11-23 |y BK |z Catalogado en:20150416 |k HIS | ||